000 01069cam a2200289 a 4500
999 _c452
_d452
001 12171774
003 OSt
005 20210614101421.0
008 000913s2002 caua b 001 0 eng
010 _a 00046845
020 _a0534347908 (alk. paper)
040 _aDLC
_cDLC
_dDLC
050 0 0 _aBF697.5
_b.S43 C67 2002
082 0 0 _a158
_221
100 1 _aCorey, Gerald.
245 1 0 _aI never knew I had a choice :
_bexplorations in personal growth /
_cGerald Corey, Marianne Schneider Corey.
250 _a7th ed.
260 _aPacific Grove, Calif. :
_bBrooks/Cole-Thomson Learning,
_cc2002.
300 _axix, 476 p. :
_bill. ;
_c24 cm.
504 _aIncludes bibliographical references (p. 464-470) and index.
650 0 _aSelf-perception.
650 0 _aChoice (Psychology)
700 1 _aCorey, Marianne Schneider,
_d1942-
906 _a7
_bcbc
_corignew
_d1
_eocip
_f20
_gy-gencatlg
942 _2lcc
_cBK
_nSO